| 000 | nam a22 7a 4500 | ||
|---|---|---|---|
| 999 |
_c47816 _d47816 |
||
| 003 | OSt | ||
| 005 | 20190521110110.0 | ||
| 008 | 190521b xxu||||| |||| 00| 0 eng d | ||
| 040 | _cIIMT UNIVERSTY | ||
| 100 | _aGUPTA P.K. | ||
| 245 | _aANUPRAYUKT GANIT-1 A | ||
| 260 |
_aMUJFFER NAGAR _bASIAN PULISHER _c2016 |
||
| 300 | _a321 | ||
| 942 |
_2ddc _c09 _e1ST |
||